[Event "GER-ch 74th"]
[Site "Saarbruecken"]
[Date "2002.11.30"]
[Round "9"]
[White "Graf, Alexander"]
[Black "Jussupow, Artur"]
[Result "1-0"]
[WhiteElo "2635"]
[BlackElo "2622"]
[Annotator "Kortschnoj,V"]
[PlyCount "79"]
[EventDate "2002.11.22"]
[EventType "swiss"]
[EventRounds "9"]
[EventCountry "GER"]
[SourceTitle "CBM 093"]
[Source "ChessBase"]
[SourceDate "2003.04.01"]
[SourceVersion "1"]
[SourceVersionDate "2003.04.01"]
[SourceQuality "1"]

1. d4 {Ftacnik} Nf6 2. c4 e6 3. Nc3 Bb4 4. Nf3 b6 5. Bg5 Bb7 6. e3 h6 7. Bh4 g5
8. Bg3 Ne4 9. Qc2 d6 10. Bd3 Bxc3+ 11. bxc3 Nxg3 12. fxg3 {This is a
well-known variation. Taking on g3 with the f-pawn is considered more
promising for white than 12.hxg3 - the f-file will be used by white for active
operations on the king side.} Nd7 13. O-O Qe7 14. Rf2 {The main black problem
- where to hide the king - on the king side a pawn formation is weakened, on
the queen side white has the b-file, which might help white to develop an
assault against the black king. Still, many players considered the long castle
the most safe for black and played 14.Qa4, trying to prevent it, whereas after
14...0-0 this queen move has turned out to be a loss of a tempo (or two!).} O-O
$6 {In regard to the written above, we have to say: 14...0-0-0 was more solid.
Ftacnik: 'Jussupow is bravely questioning the general wisdom of always
castling on the queenisde.'} 15. g4 {In fact, white is following the
well-known game Van Wely-Anand (2001) with a slight improvement. There,
instead of 14.Rf2 14. Nd2 had been played. Then, after 15...Nf6 16.h3 h5 17.gh
Nh5 18.g4 Ng3 19.Rf2 f5 20.Kh2 Ne4 black achieved a quick draw.} (15. e4 {
Ftacnik} g4 16. Nd2 Qg5 17. Raf1 $14) 15... c5 {Here Nf6 would be less
promising, than in the mentioned game:} (15... Nf6 16. h3 h5 17. Raf1 hxg4 18.
Nxg5 Nh5 19. Bh7+ Kh8 20. Rxf7 $1 $18) 16. Nd2 Rac8 {White certainly will do
his utmost to develop the initiative on the king side. So, black is looking
for a counterplay on the opposite side of the board.} (16... Nf6 {Ftacnik} 17.
h3 Nd7 18. Raf1 a6 19. Ne4 $14) 17. Raf1 d5 18. cxd5 (18. Bg6 $5 {Ftacnik} f6 (
18... fxg6 {Ftacnik} 19. Qxg6+ Qg7 20. Qxe6+ Kh8 21. Rf7 Rxf7 22. Rxf7 Nf8 23.
Qf5 $18) 19. cxd5 Bxd5 20. Bd3 cxd4 21. exd4 $14) 18... Bxd5 19. Be4 {An
intermediary 19.Bh7+ was even stronger (19...Kg7? 20.Rf7+ winning)} cxd4 {
More solid was} (19... b5 20. Qd3 a6 21. a4 Rb8) 20. exd4 b5 21. Qd3 a6 22. a4
bxa4 (22... Rb8 $5) 23. c4 Bxe4 24. Nxe4 $16 {White's advantage is out of
question. He threatens to play c4-c5 and then Ne4-d6xf7. Black's a-pawns will
fall a prey to white. Black needs some preemtive action, but it is not easy to
create. Say, I have seen the following line:} (24. Nxe4 e5 25. d5 Nc5 26. d6
Qe6 27. Nxc5 Rxc5 28. Rf6 Qxc4 {Now 29.Rg6+ is losing after Kh7, but after a
"slow"} 29. Qh3 {black is helpless.}) 24... Qb4 $6 {Ftacnik: 'Black is
fighting his problems with the exposed kingside position with counteraction on
the opposite flank.'} ({A modest} 24... f6 {or even}) ({a desperate} 24... f5 {
with a continuation} 25. gxf5 exf5 26. Rxf5 Rxf5 27. Rxf5 Re8 28. Nc3 a3 {
would render more oportunities to resist.}) ({However, it is true, after} 24...
f5 25. Ng3 $1 {black badly needed a good advice...}) 25. Qh3 $1 {Starting a
final assault.} Qxc4 {More stubborn was} (25... Kg7 26. Nf6 Qe7) 26. Qxh6 Qxd4
27. Qxg5+ Qg7 {'?!' Ftacnik.} (27... Kh8 {Ftacnik} 28. Qh4+ Kg8 29. g5 (29. Ng5
{Ftacnik} Qh8 30. Qg3 Qd4 $13) 29... Rc4 30. Re1 a3 $13) 28. Qe7 $18 Ne5 {
'?' Ftacnik. Ftacnik: 'The final mistake in the difficult defense, Graf will
very skillfuly bring his queen back to the kingside.'} (28... Rcd8 29. Rd2 $18)
(28... Rc7 29. Nf6+ $18) (28... Qd4 {Ftacnik} 29. Re1 Kg7 (29... Rc7 {Ftacnik}
30. h3 $14) 30. Qg5+ Kh8 31. Qh5+ Kg8 32. g5 $14) 29. Nf6+ Kh8 30. Qa3 Nxg4 (
30... Qh6 31. g5 Qh4 32. Rf4 $18) (30... Qg6 31. Qa1 Nd3 32. Rf3 $18) 31. Qh3+
Nh6 32. Rf3 Rc5 (32... Qg5 33. Ne4 $18 (33. Rg3 $2 Qc5+ 34. Kh1 Qc1 $11)) 33.
Nd7 Rf5 34. Rxf5 exf5 35. Nxf8 Qd4+ (35... Qxf8 36. Rxf5 $18) 36. Kh1 Kg7 37.
Qa3 Ng4 38. h3 Ne3 39. Qe7 Qb6 40. Nd7 1-0

[Event "Cannes NAO Masters"]
[Site "Cannes"]
[Date "2002.02.23"]
[Round "2"]
[White "Bacrot, Etienne"]
[Black "Topalov, Veselin"]
[Result "1/2-1/2"]
[WhiteElo "2649"]
[BlackElo "2739"]
[Annotator "Kostakiev,D"]
[PlyCount "49"]
[EventDate "2002.02.22"]
[EventType "tourn"]
[EventRounds "9"]
[EventCountry "FRA"]
[EventCategory "18"]
[SourceTitle "CBM 088"]
[Source "ChessBase"]
[SourceDate "2002.03.21"]
[SourceVersion "1"]
[SourceVersionDate "2002.03.21"]
[SourceQuality "1"]

1. d4 Nf6 2. c4 e6 3. Nc3 Bb4 4. Nf3 b6 5. Bg5 h6 6. Bh4 Bb7 7. e3 c5 8. Bd3
cxd4 9. exd4 Bxc3+ 10. bxc3 d6 11. Qa4+ (11. O-O O-O 12. Nd2 Nbd7 13. a4 (13.
Ne4 Bxe4 14. Bxe4 Rc8 15. Bd3 Qc7 16. Bg3 Rfe8 $14 {1-0 Vokac,M-Tibensky,R/CZE
1998/EXT 99 (48)}) 13... Qc7 14. Re1 Rfe8 15. Bg3 Qc6 16. Bf1 Nf8 17. a5 Ng6
$14 {0-1 Pinter,J-Ambroz,J/Baile Herculane 1982/MCD (54)}) 11... Nbd7 (11...
Qd7 12. Qc2 (12. Qxd7+ Nbxd7 13. Nd2 g5 14. Bg3 $15) 12... g5 13. Bg3 O-O 14.
O-O $14) 12. Qb4 $6 (12. O-O $14) (12. Nd2 O-O (12... Bxg2 13. Rg1 $16) 13. O-O
$14) 12... Qc7 $132 13. Bg3 (13. O-O $142) 13... e5 14. Nh4 Be4 15. Bxe4 Nxe4
16. Nf5 g6 17. Ne3 O-O (17... Rc8 $5) 18. Nd5 $11 Qd8 19. O-O Re8 20. Rad1 (20.
Rfe1 Nxg3 21. hxg3 Nf6 $11) 20... exd4 21. Bxd6 (21. cxd4 Ndf6 $11) 21... Nxc3
(21... Ndf6 $5 22. Nxf6+ Qxf6 23. Rxd4 $11) 22. Nxc3 $132 dxc3 23. Qxc3 Qf6 24.
Qh3 Ne5 25. c5 1/2-1/2

[Event "EU-ch 14th"]
[Site "Legnica"]
[Date "2013.05.10"]
[Round "6"]
[White "Moiseenko, Alexander"]
[Black "Shengelia, Davit"]
[Result "1-0"]
[WhiteElo "2698"]
[BlackElo "2546"]
[Annotator "Krasenkow,M"]
[PlyCount "75"]
[EventDate "2013.05.05"]
[EventType "swiss"]
[EventRounds "11"]
[EventCountry "POL"]
[SourceTitle "CBM 155"]
[Source "ChessBase"]
[SourceDate "2013.07.16"]
[SourceVersion "1"]
[SourceVersionDate "2013.07.16"]
[SourceQuality "1"]

1. d4 Nf6 2. c4 e6 3. Nf3 Bb4+ 4. Nc3 b6 5. Bg5 Bb7 6. Nd2 h6 7. Bh4 Be7 8. e4
d6 {A solid but a bit passive continuation instead of forced lines starting
with} (8... Nxe4) 9. Bg3 (9. Bd3 e5 10. Bxf6 Bxf6 11. d5 O-O 12. O-O a5 13. a3
Nd7 14. b4 g6 15. Nb3 axb4 16. axb4 {1/2 (82) Stefansson,H (2575)-Batchuluun,C
(2346) Beijing 2008} Qe7 $11) 9... O-O (9... Nbd7 10. Be2 e5 11. d5 Nf8 12. b4
Ng6 13. Nb3 h5 14. h3 h4 15. Bh2 O-O 16. O-O c5 17. dxc6 Bxc6 18. Bd3 Ne8 19.
Nd5 Nc7 20. a4 $14 {1-0 (41) Ibragimov,I (2611)-Bischoff,K (2544) Pulvermuehle
2000 CBM 075 [Ftacnik,L]}) (9... c5 10. d5 O-O 11. Be2 a6 12. a4 Ne8 13. O-O a5
14. f4 Nc7 15. Qb3 Nd7 16. Nf3 Na6 17. e5 $36 {1-0 (52) Iljin,A (2508)
-Voloshin,L (2432) Pardubice 2006}) (9... Nc6 $5 10. Nf3 e5 11. d5 Nb8 {
[%cal Yf6h5]} 12. Be2 (12. Nd2 $5) 12... Nh5 13. Qa4+ Nd7 14. c5 $6 Nxg3 15.
hxg3 bxc5 16. Bb5 a6 17. Bc6 Bxc6 18. dxc6 Nb6 19. Qc2 O-O 20. a4 a5 $15 {
1/2 (51) Butnorius,A (2402)-Speelman,J (2533) Gibraltar 2007}) 10. Be2 (10. Bd3
Nc6 11. d5 Nd4 (11... Ne5 12. Be2 Ng6 13. O-O e5 14. Re1 Nh7 15. b4 Nf4 16. Bf1
Bc8 17. Nb3 g6 18. a4 Ng5 19. a5 Bd7 {1/2 (19) Saric,I (2555)-Harikrishna,P 
(2686) Banja Vrucica 2009}) 12. Ne2 Nxe2 13. Qxe2 Nd7 14. O-O Nc5 15. Bc2 Bf6
16. Rab1 a5 $11 {1-0 (65) Gordon,S (2556)-Sukandar,I (2362) Jakarta 2012}) (10.
f4 c5 11. d5 exd5 12. cxd5 Na6 13. Be2 Nc7 14. a4 Nfe8 15. Nc4 f5 16. exf5 Bf6
17. O-O Bd4+ 18. Kh1 Nf6 19. Bh4 Qd7 $132 {0-1 (41) Lenderman,A (2434)-Najer,E
(2669) Philadelphia 2009}) (10. f3 a6 (10... Nh5 $5 {[%cal Yf7f5]}) 11. Qc2 c5
12. d5 exd5 13. cxd5 b5 $6 14. a4 b4 15. Ne2 $6 (15. Nd1 a5 16. Bb5 $1 $16)
15... a5 16. Bf2 Ba6 17. Ng3 Bxf1 18. Ngxf1 Nbd7 19. Ne3 $14 {0-1 (40) Acs,P 
(2530)-Kortschnoj,V (2610) Paks 2007 CBM 120 [Kortschnoj]}) 10... Nc6 {Typical
"cat and mouse play" in this structure: Black will push ...e6-e5 or ...d6-d5
depending on White's actions.} 11. Nb3 (11. d5 Nd4 12. O-O Nd7 13. Nb3 Nxb3 14.
Qxb3 Bf6 15. Qc2 Nc5 16. Bd3 a5 $11 {1/2 (37) Fraczek,D (2309)-Krysztofiak,M 
(2401) Lubniewice 2005}) 11... d5 $1 12. cxd5 exd5 13. e5 Ne4 14. O-O a5 (14...
Nxg3 15. hxg3 a5 16. a4 $6 {[%csl Rb4]} (16. a3 $142) (16. Bb5 $5) 16... Nb4
17. f4 f5 18. g4 Bc8 19. Rc1 c6 20. g3 Qe8 21. Kh2 Qg6 22. gxf5 Bxf5 23. Bh5
Qh7 $15 {0-1 (40) Jobava,B (2614)-Hertneck,G (2552) Germany 2005}) 15. a3 $6 {
Here this move is poor.} (15. Bb5 $142 Na7 16. Be2 {offering a repetition of
moves.}) 15... a4 16. Nc1 f5 $1 17. Nxe4 dxe4 (17... fxe4 18. Bg4 {[%cal Yc1e2,
Ye2c3,Ye2f4]}) 18. Bc4+ Kh7 19. Ne2 Na5 $2 (19... Bg5 $1 {[%cal Rf5f4] led to
material gains and a clear advantage for Black:} 20. d5 (20. h4 Bxh4) (20. f4
exf3 21. Rxf3 (21. gxf3 Be3+ 22. Bf2 $2 Qg5+ 23. Kh1 Nxe5 $1) 21... Na5 {
winning an exchange}) 20... Na5 21. Ba2 f4 $17) 20. Ba2 Ba6 (20... g5 $5 21. f4
exf3 22. gxf3 Bd5 $13) 21. Re1 Nb3 22. Bxb3 axb3 (22... Bxe2 $5 23. Qxe2 axb3 {
with a good position for Black.}) 23. Nf4 {[%csl Gf4] This knight now becomes
quite dangerous.} Bc4 24. Rc1 b5 25. d5 {[%csl Gd5,Ge5]} Ra6 26. a4 $1 Qe8 $6 (
26... Rxa4 27. Ne6 Qxd5 28. Qxd5 Bxd5 29. Nxf8+ Bxf8 30. Rxc7 $14) 27. axb5
Qxb5 28. h4 (28. Qd4 Ra4) 28... Rd8 $2 {[%mdl 16384] This rook should stay on
f8 protecting the f5-pawn!} (28... Bc5 $1 {was probably the best move, which
was very difficult to find:} 29. Ne6 (29. e6 Ra4 $1 30. Qh5 Qe8) 29... Rxe6 30.
dxe6 Bxe6 31. Qe2 $14) 29. e6 $1 Rf8 $2 {Two tempi, lost by Black, prove
decisive.} (29... Bxd5 $142 30. Qh5 Bc6 31. Qg6+ Kh8 32. Rxc6 $1 Rxc6 33. Qf7
Bf6 34. e7 Bxe7 35. Qxe7 $16) (29... Ra4 $2 30. Qh5 Qe8 31. Qxf5+) 30. Qd4 Ra4
31. Qe5 Qb8 (31... Bd6 32. e7) 32. Nh5 Bf6 33. Qxf5+ Kg8 34. Nxf6+ Rxf6 35.
Qxe4 Bb5 36. Qe5 Rc4 37. Rxc4 Bxc4 38. Rc1 1-0

[Event "EU-ch 10th"]
[Site "Budva"]
[Date "2009.03.14"]
[Round "8"]
[White "Romanov, Evgeny"]
[Black "Postny, Evgeny"]
[Result "1-0"]
[WhiteElo "2576"]
[BlackElo "2652"]
[Annotator "Krasenkow,M"]
[PlyCount "95"]
[EventDate "2009.03.06"]
[EventType "swiss"]
[EventRounds "11"]
[EventCountry "MNE"]
[SourceTitle "CBM 130"]
[Source "ChessBase"]
[SourceDate "2009.05.20"]
[SourceVersion "1"]
[SourceVersionDate "2009.05.20"]
[SourceQuality "1"]

1. Nf3 Nf6 2. c4 e6 3. Nc3 Bb4 4. d4 b6 5. Bg5 h6 6. Bh4 Bb7 7. Nd2 Bxc3 8.
bxc3 d6 9. f3 Nbd7 10. e4 e5 {A quiet system, in which White keeps a small
advantage due to his bishop pair and the passivity of Black's b7 bishop.} 11.
Bd3 Nf8 (11... Qe7 {is hardly good as the black queen can still be attacked by
the white knight.} 12. Nf1 (12. a4 a5 13. O-O g5 14. Bf2 Ba6 15. Qe2 Nh5 16. g3
Ng7 17. Be3 Ne6 18. Nb3 h5 19. Qd2 f6 20. f4 gxf4 21. gxf4 Rg8+ 22. Kh1 Nxf4
23. Bxf4 exf4 24. Rxf4 Bb7 25. Qe2 O-O-O 26. Rf5 Rg4 27. Re1 Qh7 28. Rff1 Rdg8
29. Rg1 {1/2-1/2 Borisenko Belova,V-Gresser,G/Plovdiv 1959/EXT 2005}) (12. O-O
O-O-O (12... g5 13. Bf2 c5 14. Re1 Nf8 15. Nf1 Ng6 16. Ne3 Bc8 17. g3 $14 {
1-0 Taylor,T-Toth,A/Paks 2003/CBM 097 ext (28)}) (12... Qe6 13. Re1 Nh5 14. Nf1
Nf4 15. Ne3 g5 16. Bf2 h5 17. Bf1 O-O-O 18. Nf5 $14 {1/2-1/2 Semcesen,D-Ohme,M/
Pardubice 2008/CBM 125 Extra (24)}) 13. a4 a5 14. Re1 g5 15. Bf2 Rdg8 16. Nf1
g4 17. Ng3 gxf3 18. Qxf3 Rg4 19. Nf5 Qf8 20. g3 $14 {0-1 Wyrwich,T-Litwak,A/
Recklinghausen 2002/CBM 089 ext (40)}) 12... g5 13. Bf2 Nh5 (13... exd4 $6 14.
cxd4 d5 15. cxd5 Nxd5 16. Ng3 Qb4+ 17. Qd2 Nf4 18. Bf1 Qa4 19. Ne2 $16 {
1-0 Pert,N-Devereaux,M/Liverpool 2006/CBM 114 ext (32)}) 14. Ne3 Ng7 (14... Nf4
15. Bf1 Qf6 16. g3 Ne6 17. Nd5 Qd8 18. Bh3 $16 {1-0 Erdos,V-Jenni,F/Brno 2006/
CBM 114 ext (50)}) 15. O-O O-O 16. Re1 c5 17. Bc2 Rfc8 18. Ba4 Nf8 19. g3 Qe6
20. Qd3 $14 {1-0 Campos Moreno,J-Meijer,J/Andorra 2002/CBM 089 ext (44)}) (
11... O-O {makes it more difficult for Black to push away the h4 bishop as ...
g7-g5 is now out of question:} 12. Nf1 (12. O-O Re8 13. Re1 Nf8 14. Bf1 Ng6 15.
Bf2 Nf4 16. g3 Ng6 17. a4 a5 18. Bg2 Bc6 19. Nf1 Kh7 20. Ne3 $14 {1-0 Ostojic,
N-Raicevic,V/Niksic 1997/CBM 059 ext (39)}) 12... exd4 (12... Qe8 13. Ne3 Nh5
14. O-O Nf4 15. Bc2 Bc6 16. Qd2 f6 17. Bg3 Ng6 18. Rae1 a5 19. f4 Nxf4 20. Bxf4
exf4 21. Rxf4 $14 {1-0 Epishin,V-Huss,A/Lausanne 2006/CBM 114 ext (34)}) (12...
Re8 13. Ne3 Nf8 14. Ng4 N8h7 {1/2-1/2 Niemi,K-Arsenault,N/Budapest 2007/CBM
117 ext (23)} 15. Nxf6+ Nxf6 16. O-O $14) 13. cxd4 c5 14. d5 Ne5 15. Ne3 Ng6
16. Bf2 Re8 17. O-O a6 18. a4 $14 {0-1 Chabanon,J-Bauer,C/Narbonne 1997/CBM
061/[Petursson] (32)}) (11... c5 12. Nf1 {In my opinion, this is better than
closing the centre:} (12. d5 Nf8 (12... Qe7 13. Nf1 g5 14. Bf2 Nh5 15. Ne3 Ng7
16. Qa4 Kd8 17. h4 Kc7 18. Kd2 h5 19. hxg5 Qxg5 20. Rh4 $14 {0-1 Bukal,
V-Cebalo,M/Sibenik 2007/CBM 118 ext (41)}) 13. Bf2 Ng6 14. g3 Bc8 $1 (14... Nd7
15. Nf1 Ne7 16. Ne3 Qc7 17. Qa4 a6 18. Rb1 O-O 19. Qc2 Kh8 20. a4 a5 21. Kd2
Bc8 22. f4 $14 {1-0 Navara,D-Safarli,E/Pardubice 2006/CBM 113 ext (36)}) 15.
Nf1 Bh3 16. Ne3 Nh7 17. Nf5 O-O 18. Be3 Qf6 19. Qc2 Ng5 $132 {1/2-1/2 Smirnov,
A-Ogloblin,N/Sochi 2006/EXT 2007 (87)}) 12... g5 (12... cxd4 13. cxd4 O-O 14.
Be2 $14) 13. Bf2 Nf8 14. Ne3 Bc8 15. dxe5 dxe5 16. Nd5 Ng6 17. g3 O-O 18. O-O
Kg7 19. a4 Qd6 20. a5 $16 {1-0 Malakhatko,V-Balaskas,P/Athens 2003/EXT 2004 
(26)}) 12. Bf2 {This voluntary retreat may be too slow.} (12. Nf1 $5 Ne6 13.
Bf2 Nf4 14. Ne3 Nxd3+ (14... O-O $5) 15. Qxd3 Qd7 16. O-O Nh5 17. g3 $14 {
1-0 Kurz,A-Roeder,M/Germany 1986/GER-chT (28)}) (12. Bc2 Ne6 13. Ba4+ Kf8 14.
Nf1 Ng5 15. Ne3 Nh5 16. Bf2 g6 17. Qd2 Nf4 18. O-O-O $14 {0-1 Izeta Txabarri,
F-Mariotti,S/Andorra 1987/CBM 004 (40)}) ({Two other options are probably less
strong:} 12. O-O Ng6 (12... g5 13. Bf2 Ng6 14. Re1 O-O 15. Nf1 Bc8 16. Ne3 Nf4
17. Bf1 c6 18. a4 Re8 19. a5 $36 {1/2-1/2 Skomorokhin,V-Nemtsev,I/Kstovo 1998/
EXT 2000 (73)}) 13. Bf2 Nf4 (13... O-O 14. Re1 Nd7 15. Nf1 Nf4 16. Ne3 Qg5 17.
Kh1 $14 f5 $6 18. exf5 Nxd3 19. Qxd3 Rae8 20. Qc2 e4 21. f4 Qxf4 22. Bg3 Qg5
23. Qa4 $36 {1/2-1/2 Sedlak,N-Brunello,S/Arvier 2007/CBM 118 ext (41)}) 14. Bc2
O-O 15. Be3 Ne6 16. Re1 c5 17. d5 Ng5 18. Nf1 Nh5 19. Bf2 Bc8 20. Ne3 Nf4 21.
h4 Nh7 22. Kh2 h5 23. Rf1 Ng6 24. g3 Nf6 $11 {1/2-1/2 Svetushkin,
D-Vijayalakshmi,S/Kalamaria 2006/EXT 2007 (63)}) (12. Qa4+ Qd7 13. Bc2 Ne6 14.
Bf2 c5 15. dxe5 Bc6 16. Qb3 dxe5 17. Nf1 {1-0 Chatalbashev,B-Lilov,V/
Blagoevgrad BUL 2009/The Week in Chess 747 (39)} O-O-O 18. Rd1 Qe7 $132) 12...
Ne6 (12... Ng6 13. g3 O-O 14. Nf1 (14. O-O $142) 14... c6 $1 {An unexpected
turn: Black exploits his rival's too slow manoeuvring.} 15. Ne3 d5 16. exd5
exd4 17. cxd4 cxd5 18. O-O dxc4 19. Bxc4 Nd5 20. Qb3 Nge7 $11 {0-1 Gusev,
Y-Kogan,S/Moscow 1952/MCD (47)}) 13. g3 ({Here is a dream course of events for
Black:} 13. Bc2 Nd7 14. Nf1 h5 15. Ne3 $6 (15. h4 {is a must}) 15... h4 16. Ba4
Qg5 17. Qd2 h3 $132 18. c5 $2 exd4 19. cxd4 bxc5 20. Nf5 Qxg2 21. O-O-O Qxf3
$19 {0-1 Cebalo,M-Saric,A/Zagreb 2008/CBM 124 Extra (64)}) 13... Nd7 (13... h5
14. h4 Nd7 15. Nb3 c5 16. d5 Nef8 17. a4 g5 18. Nd2 $2 (18. hxg5 Qxg5 19. a5
$16) 18... gxh4 19. gxh4 (19. Rxh4 Ng6 20. Rh1 h4) 19... Ng6 20. Nf1 Nf4 21.
Ne3 a5 22. Bf1 Nf8 23. Kd2 Bc8 24. Kc1 N8g6 25. Kb2 Kd7 {1/2-1/2 Damljanovic,
B-Pikula,D/Kopaonik 2005/CBM 107}) 14. c5 $6 {[%mdl 512] An interesting pawn
sacrifice. White obtains the c4 square for his knight (instead of moving it to
f1). However, there is one detail... Therefore, simple moves are probably
better.} (14. Be3 Qf6 15. Nb3 g5 16. Qe2 a5 17. a4 c5 18. Qf2 Ba6 19. Rb1 Rc8
20. d5 Nef8 21. Nd2 Kd8 22. Bf1 Kc7 23. Bh3 h5 $14 {1/2-1/2 Czebe,A-Paschall,W/
Budapest 2001/CBM 087 (49)}) (14. Nb3 Qf6 15. h4 g5 $6 16. Qe2 Ndf8 17. hxg5
Nxg5 18. Nd2 Nge6 19. d5 Nc5 20. O-O-O O-O-O 21. Bc2 Kb8 22. Rh5 Nfd7 23. Rdh1
Rdg8 24. Nf1 $16 {1-0 Sergienko,S-Slugin,S/Voronezh 2007/CBM 118 ext (57)})
14... dxc5 $6 (14... Qf6 $142 $1 {and Black obtained an excellent position in
the following game:} 15. cxd6 (15. Qa4 exd4 16. c6 dxc3 $1 17. cxb7 cxd2+ 18.
Ke2 Rb8 $13) 15... exd4 16. cxd4 Nxd4 17. O-O c5 (17... Qxd6 $5) 18. f4 Qxd6
19. e5 Qe7 20. Bxd4 cxd4 21. Be4 Nc5 {1/2-1/2 Clausen,S-Nielsen,C/Copenhagen
1994/EXT 1997 (49)}) 15. d5 Ng5 16. h4 Nh7 17. a4 $44 a5 18. Qe2 Qe7 19. Nc4
Nhf6 20. Ne3 O-O-O (20... g6 $5 {as} 21. h5 Nxh5 22. Rxh5 gxh5 23. Nf5 Qf6 {
hardly works.}) 21. Nf5 Qf8 22. d6 $5 cxd6 23. Ba6 Ne8 $2 {Too passive.} (23...
d5 $142 {with wild complications, e.g.} 24. Rb1 $5 dxe4 25. Rxb6 $1 Nxb6 26.
Qb5 Bxa6 27. Qxa6+ Kd7 $1 28. Qb5+ Ke6 29. Bxc5 $13) 24. O-O g6 (24... d5 $5 {
was still possible} 25. exd5 $140 Nd6) 25. Ne3 $16 {Now, despite two extra
pawns, Black's position is bad: White's pressure along the b- and d-files must
be decisive.} Nc7 26. Bxb7+ Kxb7 27. Rab1 Ka7 28. Rfd1 Rb8 (28... g5 $5 29. h5
f5 $5 {trying to break away} 30. Nxf5 $140 d5) 29. Nc4 d5 (29... Ne8 30. Qb2 {
[%cal Yb2b5,Yb5c6]}) 30. exd5 f6 31. d6 Na6 32. Rb2 Qc8 33. Ne3 Qc6 34. Nd5 Qb7
35. Qb5 Rbd8 36. Ne7 Nab8 $6 (36... Ndb8 {, keeping the d6 pawn under attack,
may be a better chance.}) 37. Rdb1 Qa6 {The queen exchange doesn't help Black.}
(37... Qxf3 38. c4 {[%cal Re7d5]}) 38. Qxa6+ Kxa6 39. Nxg6 (39. Nd5 {is
equally good but why not capture the g6-pawn? Black is helpless anyway.}) 39...
Rhe8 40. Ne7 Kb7 41. Nd5 Kc6 42. Nxb6 Nxb6 43. Rxb6+ Kd5 44. c4+ Kxc4 45. Rc1+
Kd3 (45... Kd5 46. Rxc5+ Ke6 47. d7+ $1 Kxd7 48. Rxf6 $18) 46. Rb3+ Kd2 47.
Be3+ Ke2 48. Kg2 {[%cal Rc1c2]} 1-0

[Event "Tata Steel-A 73rd"]
[Site "Wijk aan Zee"]
[Date "2011.01.25"]
[Round "9"]
[White "Nakamura, Hikaru"]
[Black "Anand, Viswanathan"]
[Result "1/2-1/2"]
[WhiteElo "2751"]
[BlackElo "2810"]
[Annotator "Krasenkow,M"]
[PlyCount "81"]
[EventDate "2011.01.14"]
[EventType "tourn"]
[EventRounds "13"]
[EventCountry "NED"]
[EventCategory "20"]
[SourceTitle "CBM 141"]
[Source "ChessBase"]
[SourceDate "2011.03.17"]
[SourceVersion "1"]
[SourceVersionDate "2011.03.17"]
[SourceQuality "1"]

1. d4 Nf6 2. c4 e6 3. Nc3 Bb4 4. Nf3 b6 5. Bg5 h6 6. Bh4 g5 7. Bg3 Ne4 8. Qc2
Bb7 9. e3 d6 10. Bd3 Bxc3+ 11. bxc3 f5 12. d5 {White must play dynamically,
otherwise Black will be better due to his superior pawn structure.} Na6 (12...
Nd7 {is the main continuation here but the text move usually leads to similar
positions as the knight comes to c5 anyway.}) 13. h4 $6 $146 {A dubious
novelty.} ({Here is the variation, in which 12...Na6 makes difference
comparing to 12...Nd7:} 13. Bxe4 fxe4 14. Qxe4 Qf6 15. O-O O-O-O (15... Nc5 {
leads to the 12...Nd7 line}) 16. Qxe6+ Qxe6 17. dxe6 Bxf3 {(which would be
impossible with the knight on d7 due to 18.exd7+)} 18. gxf3 Nc5 19. h4 (19. e4
Nxe6 20. Rfe1 h5 21. h3 h4 22. Bh2 Rdf8 23. Kg2 Rh5 24. Rad1 Nf4+ 25. Bxf4 gxf4
26. Rd5 Re5 $11 {1/2 Porper,E (2476)-Friedel,J (2524)/Edmonton 2008/CBM 125
Extra (47)}) (19. f4 gxf4 20. Bxf4 Nxe6 21. Bg3 h5 22. f4 Nc5 23. Rad1 Rde8 $15
{1-0 Tregubov,P (2649)-Maletin,P (2576)/Ulan Ude 2009/CBM 132 (58)}) 19... Nxe6
20. hxg5 hxg5 21. Kg2 Rhf8 22. Rad1 Rf5 23. Rd5 Rdf8 $11 {1/2 Wang Yue (2689)
-Adams,M (2729)/Baku 2008/CBM 124 (33)}) (13. Nd4 Nac5 {again leads to the
main 12...Nd7 line.}) 13... Qf6 14. Bxe4 fxe4 15. Qxe4 Qxc3+ 16. Ke2 Nc5 17.
Qg6+ Ke7 $17 {Black's king is much safer than White's.} 18. Rac1 Qf6 19. Qxf6+
Kxf6 20. Rhd1 exd5 $6 {Perhaps it was better to refrain from this capture as
now the c5 knight can't move.} (20... Rae8 $17) 21. cxd5 Ba6+ 22. Ke1 Rae8 (
22... Nd3+ $6 23. Rxd3 Bxd3 24. Rxc7 $44) 23. Rc3 Re4 (23... Rh7 {[%cal Rc5e4]}
24. Ra3 $1) 24. Rd4 Rhe8 25. Ra3 Bc8 $6 {Unnecessarily giving up the a7-pawn,
after which White equalises.} (25... Kf5 $5 $36 26. Rxe4 $140 Kxe4) 26. hxg5+
hxg5 27. Rxa7 R8e7 28. Kf1 Bg4 29. Nd2 Rxd4 30. exd4 Nd3 31. f3 Bf5 32. a3 Nf4
33. Bxf4 gxf4 34. Ne4+ $1 Bxe4 35. fxe4 Rxe4 36. Rxc7 Rxd4 37. Rc6 Ke5 38. Rxb6
Rd1+ 39. Ke2 Ra1 40. Rb3 Kxd5 41. g3 1/2-1/2